000 00338nam a2200145Ia 4500
008 230718s9999 xx 000 0 und d
041 _aEng.
082 _a287
_bUSM-R
100 _ausmani, Maulana Tagi
245 0 _aRules of To Tilcaf
260 _aPakistan
_bI dava e- istenfit
_c2000
300 _a51
650 _aLaw
999 _c26811
_d26811